University Home | Library Home | Institutional Repository

Biomedical instrumentation / (Record no. 41455)

MARC details
000 -LEADER
fixed length control field 00862cam3a220028900 4500
001 - CONTROL NUMBER
control field lce00770272
008 - FIXED-LENGTH DATA ELEMENTS--GENERAL INFORMATION
fixed length control field 721113s1973 paua b 001 0 eng
010 ## - LIBRARY OF CONGRESS CONTROL NUMBER
LC control number 72011805
020 ## - INTERNATIONAL STANDARD BOOK NUMBER
International Standard Book Number 0801956889
035 ## - SYSTEM CONTROL NUMBER
System control number (Sirsi) r66378
035 ## - SYSTEM CONTROL NUMBER
System control number (DLC) 72011805
035 ## - SYSTEM CONTROL NUMBER
System control number (UPRA)lce00770272
040 ## - CATALOGING SOURCE
Modifying agency UPRA
050 0# - LIBRARY OF CONGRESS CALL NUMBER
Classification number R856
Item number .W45
060 ## - NATIONAL LIBRARY OF MEDICINE CALL NUMBER
Classification number QT34 W399b 1973
082 ## - DEWEY DECIMAL CLASSIFICATION NUMBER
Classification number 574/.028
100 1# - MAIN ENTRY--PERSONAL NAME
Personal name Weiss, Marvin D.
Linkage A26861.1
245 10 - TITLE STATEMENT
Title Biomedical instrumentation /
Statement of responsibility, etc. [by] Marvin D. Weiss.
250 ## - EDITION STATEMENT
Edition statement [1st ed.].
260 ## - PUBLICATION, DISTRIBUTION, ETC.
Place of publication, distribution, etc. Philadelphia :
Name of publisher, distributor, etc. Chilton Book Co.,
Date of publication, distribution, etc. [1973]
504 ## - BIBLIOGRAPHY, ETC. NOTE
Bibliography, etc. note Includes bibliographies.
650 #0 - SUBJECT ADDED ENTRY--TOPICAL TERM
Topical term or geographic name entry element Medical instruments and apparatus.
Linkage S19356.1
650 #0 - SUBJECT ADDED ENTRY--TOPICAL TERM
Topical term or geographic name entry element Biomedical engineering.
Linkage S2412.1
650 #2 - SUBJECT ADDED ENTRY--TOPICAL TERM
Topical term or geographic name entry element Biomedical engineering.
Linkage S2412.1
949 ## - LOCAL PROCESSING INFORMATION (OCLC)
a R856
w LC
i -88810
m MEDICAL
t BOOK
l ON-SHELF
Holdings
Withdrawn status Lost status Source of classification or shelving scheme Damaged status Not for loan Home library Current library Shelving location Total Checkouts Full call number Barcode Date last seen Copy number Price effective from Koha item type
    Library of Congress Classification     Medical Library Medical Library On Shelf   R856 -88810 08/13/2019 1 08/13/2019 Book
© 2026 - The University of Zambia Library - Koha v25.11